| 000 | 00315nam a22001217a 4500 | ||
|---|---|---|---|
| 020 | _a81-219-3209-2 | ||
| 082 |
_a174 _bWAS/B |
||
| 100 | _aV.WASON | ||
| 245 |
_aWASON'S TEXTBOOK OF BUSINESS STUDIES _bFOR CLASS XII |
||
| 260 |
_aDELHI _bS.CHAND & CO _c2013 |
||
| 650 |
_aBUSINESS STUDIES FOR CLASS XII _zINDIA |
||
| 942 | _cBK | ||
| 999 |
_c597 _d597 |
||